01289nas a2200325 4500001001000000003000900010005001700019007000300036008003400039040005400073041000900127072000800136100002100144100002000165100001900185100001800204100002400222245016900246246016500415650001000580650002900590650001300619650001100632650001400643773008500657909004000742942001800782999001900800952014400819BR9202917BR-BrBNA20231205092558.0ta230509b bl.|||p| |||| 00| 00por d aBR-BrBNAbporcBiblioteca Nacional de Agricultura a(Pt) aF041 aSilva, M.L.P. da1 aLam-Sanchez, A.1 aAndrade, P. de1 aPimenta, A.F.1 aOliveira, J.E.D. de1 aEfeito da adubacao nitrogenada sobre os teores de proteina e lisina, e taxa de eficiencia proteica (PER)de graos de milho opaco-2, em diversos estadios de maturacao1 aEffects of nitrogen fertilization on the protein and lysine contents, and protein efficiency ratio (PER)of opaque-2 corn grains in several stages of development aMILHO aFERTILIZANTE NITROGENADO aPROTEINA aLISINA aMATURACAO0 tAlimentos e Nutricao (Brazil)xISSN 0103-4235g(1991), v. 3(2) p. 1-9wBR9202917 a202311bLúciac55dLúcia Elande 2AGRISn0cANA c132620d132620 002AGRIS4071a41918b41918cPeriódicos Agrícolash(1991), v. 3(2) p. 1-9l0r2023-11-29t01yCRePortaria Interministerial nº 164/94